000
00325nam a2200133Ia 4500
008
240624s9999 xx 000 0 und d
041
_a
eng
082
_a
300.72 THO
100
_a
THOMAS GARY
245
_a
ANATOMY OF THE CASE STUDY
260
_c
2015
_a
New Delhi
_b
Sage
300
_a
viii, 145 p.; 23 cm.
365
_c
BPS
_b
38
999
_c
31038
_d
31038